Find the UN Secretary-General Quiz Stats

 Plays Quiz Updated Jun 26, 2020

Support Sporcle.
Go Orange.
Score 0/9 Timer 02:00
6 Plays Today
% Correct
Ban Ki-moon
South Korea • 2007-2016
89.3%
Kofi Annan
Ghana • 1997-2006
83.6%
António Guterres
Portugal • 2017-
83.4%
U Thant
Myanmar • 1961-1971
57%
Kurt Waldheim
Austria • 1972-1981
55.5%
Boutros Boutros-Ghali
Egypt • 1992-1996
54.1%
Dag Hammarskjöld
Sweden • 1953-1961
52.4%
Trygve Lie
Norway • 1946-1952
42.3%
Javier Pérez de Cuéllar
Peru • 1982-1991
39.5%

You're not logged in!

Compare scores with friends on all Sporcle quizzes.
OR
Log In
Forgot?

From the Vault

Big 4 Teams: Not in That City!

by awesomeness365

Sports 3m
When will someone name a team after Sporcle?
Remove Ads.
Support Sporcle.
Get the best of Sporcle when you Go Orange. This ad-free experience offers more features, more stats, and more fun while also helping to support Sporcle. Thank you for becoming a member.

Show Comments

Extras

Top Quizzes Today


Score Distribution

Your Account Isn't Verified!

In order to create a playlist on Sporcle, you need to verify the email address you used during registration. Go to your Sporcle Settings to finish the process.

Report this User

Report this user for behavior that violates our Community Guidelines.

Details: